Managing engineering and research : (Record no. 68470)

000 -LEADER
fixed length control field 01146pam a2200289 i 4500
001 - CONTROL NUMBER
control field 863934
003 - CONTROL NUMBER IDENTIFIER
control field NUST - PNEC
005 - DATE AND TIME OF LATEST TRANSACTION
control field 20170116181053.0
008 - FIXED-LENGTH DATA ELEMENTS--GENERAL INFORMATION
fixed length control field 790313s1980 nyua b 001 0 eng
010 ## - LIBRARY OF CONGRESS CONTROL NUMBER
LC control number 79010595
020 ## - INTERNATIONAL STANDARD BOOK NUMBER
International Standard Book Number 0831111259
040 ## - CATALOGING SOURCE
Original cataloging agency DLC
Transcribing agency LIBRARY
Modifying agency DLC
050 00 - LIBRARY OF CONGRESS CALL NUMBER
Classification number T175.5
Item number .K3 1979
082 00 - DEWEY DECIMAL CLASSIFICATION NUMBER
Classification number 658.57 KAR
Edition number 19
100 1# - MAIN ENTRY--PERSONAL NAME
Personal name Karger, Delmar W.
245 10 - TITLE STATEMENT
Title Managing engineering and research :
Remainder of title the principles and problems of managing the planning, development, and execution of engineering and research activities /
Statement of responsibility, etc. Delmar W. Karger, Robert G. Murdick.
250 ## - EDITION STATEMENT
Edition statement 3d ed.
260 ## - PUBLICATION, DISTRIBUTION, ETC.
Place of publication, distribution, etc. New York :
Name of publisher, distributor, etc. Industrial Press,
Date of publication, distribution, etc. c1980.
300 ## - PHYSICAL DESCRIPTION
Extent viii, 563 p. :
Other physical details ill. ;
Dimensions 23 cm.
504 ## - BIBLIOGRAPHY, ETC. NOTE
Bibliography, etc. note Includes bibliographies and index.
650 ## - SUBJECT ADDED ENTRY--TOPICAL TERM
Topical term or geographic name entry element Managment information system
General subdivision MIS
9 (RLIN) 11971
700 1# - ADDED ENTRY--PERSONAL NAME
Personal name Murdick, Robert G.,
Relator term joint author.
856 41 - ELECTRONIC LOCATION AND ACCESS
Materials specified Table of contents only
Uniform Resource Identifier <a href="http://www.loc.gov/catdir/enhancements/fy1203/79010595-t.html">http://www.loc.gov/catdir/enhancements/fy1203/79010595-t.html</a>
856 42 - ELECTRONIC LOCATION AND ACCESS
Materials specified Publisher description
Uniform Resource Identifier <a href="http://www.loc.gov/catdir/enhancements/fy1203/79010595-d.html">http://www.loc.gov/catdir/enhancements/fy1203/79010595-d.html</a>
906 ## - LOCAL DATA ELEMENT F, LDF (RLIN)
a 7
b cbc
c orignew
d 1
e ocip
f 19
g y-gencatlg
942 ## - ADDED ENTRY ELEMENTS (KOHA)
Source of classification or shelving scheme
Koha item type Book
Holdings
Withdrawn status Lost status Source of classification or shelving scheme Damaged status Not for loan Permanent Location Current Location Shelving location Date acquired Total Checkouts Full call number Barcode Date last seen Price effective from Koha item type
          Pakistan Navy Engineering College (PNEC) Pakistan Navy Engineering College (PNEC)       658.57 KAR PNECLIB-004834 09/30/2015   Book
© 2023 Central Library, National University of Sciences and Technology. All Rights Reserved.